书目信息 |
| 题名: |
国际贸易地理
|
|
| 作者: | 傅龙海 , 石少雄 主编 | |
| 分册: | ||
| 出版信息: | 北京 对外经济贸易大学出版社 2016.10 |
|
| 页数: | 312页 | |
| 开本: | 26cm | |
| 丛书名: | ||
| 单 册: | ||
| 中图分类: | F742 | |
| 科图分类: | ||
| 主题词: | 国际贸易--guo ji mao yi--商业地理--高等学校--教材 | |
| 电子资源: | ||
| ISBN: | 978-7-5663-1670-7 | |
| 000 | 01052nam0 2200277 450 | |
| 001 | 2161439609 | |
| 005 | 20211003083924.30 | |
| 010 | @a978-7-5663-1670-7@dCNY39.00 | |
| 100 | @a20161013d2016 em y0chiy50 ea | |
| 101 | 0 | @achi |
| 102 | @aCN@b110000 | |
| 105 | @ay z 000yy | |
| 106 | @ar | |
| 200 | 1 | @a国际贸易地理@Aguo ji mao yi di li@dInternational trade geography@f傅龙海,石少雄主编@zeng |
| 205 | @a2版 | |
| 210 | @a北京@c对外经济贸易大学出版社@d2016.10 | |
| 215 | @a312页@d26cm | |
| 300 | @a全国高等院校“十三五”规划教材 | |
| 330 | @a本书分上篇基础理论与实践和下篇国别分论两大部分,共十一章,内容包括:地理环境与国际贸易、国际贸易地理与大宗商品交易、世界区域经济贸易集团、国际贸易运输以及美国、欧盟、日本等国家的贸易地理概况。 | |
| 510 | 1 | @aInternational trade geography@zeng |
| 606 | 0 | @a国际贸易@Aguo ji mao yi@x商业地理@x高等学校@j教材 |
| 690 | @aF742@v5 | |
| 701 | 0 | @a傅龙海@Afu long hai@f(1948~)@4主编 |
| 701 | 0 | @a石少雄@Ashi shao xiong@4主编 |
| 801 | 0 | @aCN@b百万庄@c20210928 |
| 905 | @b1302362-65@dF742@e201=2@f4 | |
| 国际贸易地理=International trade geography/傅龙海,石少雄主编.-2版.-北京:对外经济贸易大学出版社,2016.10 |
| 312页;26cm |
| 全国高等院校“十三五”规划教材 |
| ISBN 978-7-5663-1670-7:CNY39.00 |
| 本书分上篇基础理论与实践和下篇国别分论两大部分,共十一章,内容包括:地理环境与国际贸易、国际贸易地理与大宗商品交易、世界区域经济贸易集团、国际贸易运输以及美国、欧盟、日本等国家的贸易地理概况。 |
| ● |
| 相关链接 |
|
|
|
|
正题名:国际贸易地理
索取号:F742/201=2
 
预约/预借
| 序号 | 登录号 | 条形码 | 馆藏地/架位号 | 状态 | 备注 |
| 1 | 1302362 | 213023627 | 第一样本阅览室/ [索取号:F742/201=2] | 在馆 | |
| 2 | 1302363 | 213023636 | 第一借阅区/ [索取号:F742/201=2] | 在馆 | |
| 3 | 1302364 | 213023645 | 第一借阅区/ [索取号:F742/201=2] | 在馆 | |
| 4 | 1302365 | 213023654 | 第一借阅区/ [索取号:F742/201=2] | 在馆 |